MARC

LEADER 00000nam0a2200000 4500
001 327433
005 20231102003947.0
035 |a (RuTPU)RU\TPU\book\353104 
090 |a 327433 
100 |a 20170130d1978 km y0rusy50 ca 
101 0 |a rus 
102 |a RU 
105 |a a z 001zy 
200 1 |a Строение и свойства жидких и твердых металлов  |f Г. С. Ершов, В. А. Черняков 
210 |a Москва  |c Металлургия  |d 1978 
215 |a 248 с.  |c ил. 
320 |a Библиогр.: с. 233-247 
606 1 |a Металлы  |x Физико-механические свойства  |x Влияние среды  |2 stltpush  |3 (RuTPU)RU\TPU\subj\43235  |9 62785 
610 1 |a жидкие металлы 
610 1 |a твердые металлы 
610 1 |a строение 
610 1 |a свойства 
610 1 |a структура 
610 1 |a диффузия 
610 1 |a легирующие элементы 
610 1 |a газы 
610 1 |a вязкость 
610 1 |a поверхностные свойства 
610 1 |a модифицирование 
610 1 |a плавление 
610 1 |a полиморфизм 
610 1 |a примеси 
610 1 |a стали 
675 |a 669:539.3/.4  |v 4 
700 1 |a Ершов  |b Г. С.  |g Геннадий Степанович 
701 1 |a Черняков  |b В. А.  |g Владимир Афанасьевич 
801 1 |a RU  |b 63413507  |c 20170130 
801 2 |a RU  |b 63413507  |c 20170201  |g RCR 
942 |c BK